| 000 | 00737nam a22002177a 4500 | ||
|---|---|---|---|
| 005 | 20130612125808.0 | ||
| 010 | _aENG-107589-90 | ||
| 020 |
_a9788132110095 _c1500.00(set of 2 vol.) |
||
| 035 | _aEN-91122-23 | ||
| 037 | _bDBAD/PUB | ||
| 100 | _aGangopadhyay, Shubhashis | ||
| 245 |
_aLaw and economics / _c by Shubhashis Gangopadhyay [and] V. Santhakumar |
||
| 260 |
_aNew Delhi _bSage Publications _c2011 |
||
| 270 |
_aB1/I-1 Mohan Cooperative Industrial Area Mathura Road _bNew Delhi _e110044 |
||
| 300 |
_a2V.(xii,174p.;xxi,198p.) _c23cm(Hb) |
||
| 490 | _aSage Law | ||
| 500 | _aIncludes bibliographical references and index | ||
| 505 | _aV.1-Theory;V.2-Practice | ||
| 700 | _dSanthakumar, V | ||
| 942 |
_2ddc _cEN _m343.5407 GAN |
||
| 999 |
_c76608 _d76608 |
||